000 00901nam a2200337 a 4500
003 AR-BaBNM
005 20251128205925.0
008 082120s2002 ||||||||||||||000 | spa||
020 _a84-8019-103-2
040 _cAR-BaBNM
100 1 _aConde Caveda, José Luis
245 0 0 _aCuentos motores
_n2
250 _a1ª ed.
260 _aBarcelona
_bPaidotribo
_c1994
300 _a280 p.
_bil.
490 0 _aEducación física & enseñanza
650 4 _aCUENTOS
650 4 _aDESARROLLO MOTOR
650 4 _aDESARROLLO DEL NIÑO
650 4 _aDESARROLLO MOTOR
650 4 _aDESARROLLO DE DESTREZAS
650 4 _aRECURSOS EDUCACIONALES
650 4 _aJUEGOS EDUCATIVOS
650 4 _aLITERATURA INFANTIL
650 4 _aDESARROLLO COGNOSCITIVO
650 4 _aDESARROLLO AFECTIVO
650 4 _aOBJETIVOS EDUCACIONALES
653 _aEDUCACION INICIAL
942 _cBK
998 _cCARMEN
999 _c13325
_d13325